Multiple-Choice-Stadtquiz Koblenz - Statistiken

Allgemein
  • Dieses Quiz wurde 769 mal gespielt
  • Das Durchschnittsergebnis liegt bei 5 aus 10
Antwortstatistiken
Frage Antwort % Korrekt
In welchem Bundesland liegt Koblenz? Rheinland-Pfalz
90%
Wie nennt man die Stelle, an der die Mosel in den Rhein mündet? Deutsches Eck
83%
Wie heißt das Schloss am Rhein? Stolzenfels
67%
Koblenz war die Hauptstadt welcher preußischen Provinz? Rheinprovinz
48%
Welches dieser Gebirge ist am weitesten von Koblenz entfernt? Pfälzer Wald
41%
Welche dieser Autobahnen führt durch Koblenz? 48
39%
Wie heißt ein Kunst Museum in Koblenz? Ludwig Museum Koblenz
39%
Wie heißt ein berühmter Brunnen in Koblenz? Erfinderbrunnen
35%
Welches ist die nächste Großstadt die kommt, wenn man den Rhein nach Süden folgt? Wiesbaden
23%
Wieviele Einwohner hat Koblenz etwa? (Wähle das nächste) Etwa 100.000
20%
Keine übereinstimmenden Quizze gefunden
Verteilung der Resultate
Anzahl Personen mit jedem Resultat
Perzentil nach korrekt beantworteten Fragen
Ihre Resultats-Entwicklung
Sie haben dieses Quiz noch nicht gespielt